Newnes mechanical engineer's pocket book /

Gespeichert in:
Bibliographische Detailangaben
1. Verfasser: Timings, R.L (autor)
Weitere Verfasser: May, Tony (autor) (autor)
Format: Buch
Sprache:Englisch
Veröffentlicht: Nueva Delhi, India : Newnes, 1997, c1997
Ausgabe:2a edición
Schriftenreihe:(Newnes Pocket Book)
Schlagworte:
Tags: Tag hinzufügen
Keine Tags, Fügen Sie das erste Tag hinzu!

MARC

LEADER 00000nam^a2200000^a^4500
001 000119578
005 20250521000000.0
009 20260310094323.124
020 |a 0-7506-3262-3 
037 |a Acervo ITESO - Biblioteca 
041 |a ING 
082 |a 621.  |b NEW V. 1 
100 |a Timings, R.L.  |e (autor) 
240 1 1 |a [Newnes pocket book] 
245 1 0 |a Newnes mechanical engineer's pocket book /  |c R.L. Timings, T. May. 
250 |a 2a edición  |b revisada 
264 4 |a Nueva Delhi, India :  |b Newnes,  |c 1997, c1997 
300 |a XXII, 850 p. 
336 |a texto  |b txt  |2 rdacontenido 
337 |a sin mediación  |b n  |2 rdamedio 
338 |a volumen  |b nc  |2 rdasoporte 
440 1 |a (Newnes Pocket Book) 
649 |a XX 
650 |a Matemáticas de Ingeniería 
650 |a Materiales 
650 |a Computadoras en la Industria 
650 |a Herramientas 
650 |a Ingeniería Mecánica -  |x Equipo y Aparatos 
700 |a May, Tony  |e (autor) 
910 |a Fondo General 
920 |a Impresos - Libros 
930 |a Colección General 
905 |a 101 
901 |a 0500054260  |b IT1  |c ACC  |u 20250521 
902 |a https://opac.biblio.iteso.mx/vufind/Record/000119578